山形県の鉄道駅 - Statistics

General Stats
  • This quiz has been taken 22 times
  • The average score is 57 of 138
Answer Stats
% Correct
山形
87%
鶴岡
87%
米沢
80%
天童
80%
酒田
80%
高畠
73%
かみのやま温泉
73%
新庄
73%
余目
73%
左沢
73%
長井
73%
赤湯
67%
さくらんぼ東根
67%
大石田
67%
北山形
67%
羽前千歳
67%
東根
67%
あつみ温泉
67%
寒河江
67%
村山
60%
高擶
60%
天童南
60%
鼠ケ関
60%
東酒田
60%
遊佐
60%
53%
羽前中山
53%
茂吉記念館前
53%
蔵王
53%
舟形
53%
北余目
53%
面白山高原
53%
南寒河江
53%
板谷
47%
置賜
47%
真室川
47%
羽前大山
47%
藤島
47%
山寺
47%
清川
47%
南新庄
47%
中川
40%
神町
40%
袖崎
40%
北大石田
40%
小波渡
40%
三瀬
40%
羽前水沢
40%
西袋
40%
西寒河江
40%
古口
40%
高屋
40%
狩川
40%
南野
40%
最上
40%
大沢
33%
南出羽
33%
漆山
33%
乱川
33%
芦沢
33%
及位
33%
五十川
33%
砂越
33%
南鳥海
33%
吹浦
33%
女鹿
33%
楯山
33%
羽前山辺
33%
羽前長崎
33%
升形
33%
羽前前波
33%
津谷
33%
羽前椿
33%
小国
33%
泉田
27%
羽前豊里
27%
小岩川
27%
本楯
27%
高瀬
27%
東金井
27%
羽前金沢
27%
羽前高松
27%
今泉
27%
羽前成田
27%
関根
20%
柴橋
20%
赤倉温泉
20%
瀬見温泉
20%
東長沢
20%
長沢
20%
羽前松岡
20%
おりはた
20%
南長井
20%
荒砥
20%
釜淵
13%
大滝
13%
堺田
13%
南米沢
13%
西米沢
13%
羽前小松
13%
手ノ子
13%
羽前沼沢
13%
伊佐領
13%
南陽市役所
13%
あやめ公園
13%
白兎
13%
蚕桑
13%
四季の郷
13%
立小路
7%
犬川
7%
宮内
7%
梨郷
7%
時庭
7%
大堀
0%
鵜杉
0%
成島
0%
中郡
0%
萩生
0%
西大塚
0%
鮎貝
0%
No matching quizzes found
Score Distribution
Percent of People with Each Score
Percentile by Number Answered
Your Score History
You have not taken this quiz